| 000 | 00550nam a22001697a 4500 | ||
|---|---|---|---|
| 005 | 20251108165213.0 | ||
| 008 | 250721s1980 xx 000 0 ara d | ||
| 082 | 1 | 4 | _a332.2/صبح |
| 100 | 1 | _aمحرم، صبحي | |
| 245 | 1 | 0 | _aدور مؤسسات تمويل التنمية الإقتصادية القومية / |
| 264 | 1 |
_aعمان : _bالمنظمة العربية للعلوم الإدارية، _c1980. |
|
| 300 | _a43ص | ||
| 650 | 1 | 7 | _aالتمويل |
| 650 | 1 | 7 | _aالمؤسسات الإقراضية |
| 942 |
_2ddc _cBK |
||
| 999 |
_c22054 _d22054 |
||